| 000 | 00988cam a2200241 4500 | ||
|---|---|---|---|
| 001 | ABS68877 | ||
| 008 | 050321n2005 000 0 eng u | ||
| 035 | _a(Sirsi) u129116 | ||
| 245 | 4 | _aThe price is (usually) right | |
| 260 | _c2005 | ||
| 490 |
_aProperty Week _v70(9) 4 March 2005, 80-82(3) |
||
| 520 | _aDiscusses the latest report on valuation accuracy which shows that valuers are normally within 15% of the sale price. The "Annual variance in valuation report" tracks the relationship between property valuations and their eventual sale price. Originally begun in the 1980s as a joint venture between Investment Property Databank and Drivers Jonas, it is now sponsored by RICS. | ||
| 590 | _aABS | ||
| 650 |
_aValuation _96273 |
||
| 650 | _aVALUATION ACCURACY | ||
| 650 | _aINDUSTRIAL | ||
| 650 | _aRETAIL | ||
| 650 | _aOFFICES | ||
| 650 | _aSHOPPING CENTRES | ||
| 650 | _aRETAIL WAREHOUSES | ||
| 690 | _aVALUATION AND INVESTMENT APPRAISAL-COMMERCIAL | ||
| 942 | _n0 | ||
| 999 |
_c74955 _d74955 |
||